| 000 | 00616nam a22001937a 4500 | ||
|---|---|---|---|
| 001 | 00260 | ||
| 003 | DO-SdBNP | ||
| 005 | 20180126131535.0 | ||
| 008 | 151208b 1989 nyu xxu||||| |||| 00| 0 spa d | ||
| 040 |
_aBPMSU _bspa _cBPMSU |
||
| 092 |
_axxxxx _bxxxxx |
||
| 240 | 1 | 0 | _aQuestions young people ask, answers that work. |
| 245 | 1 | 0 |
_aLo que los jóvenes preguntan / _brespuestas prácticas. |
| 260 |
_aBrooklyn, N.Y. : _bWatchtower Bible and Tract Society of New York, _c1989. |
||
| 300 |
_a318 p. : _bil., retrs. _c17 cm. |
||
| 942 |
_2ddc _cBK |
||
| 945 | _aInventariado, 2018 / BT | ||
| 956 |
_aLorenza Pérez _b10 |
||
| 999 |
_c9041 _d9041 |
||